000 00388nam a2200169Ia 4500
008 230524s9999 xx 000 0 und d
020 _a0070664560
082 _a5.133
_bEVE
100 _aG.C.Everest
_95000
245 0 _aDatabase Management
250 _a*
260 _aNEW DELHI
_bPHI
_c1986
300 _aXVI;816
500 _aQuantity Number: 1
650 _aComp-Sc
942 _cBK
999 _c7010
_d7010